000 00315nam a2200133Ia 4500
003 OSt
008 191201s2015 xx 000 0 und d
100 _aMITRA,Barun K
245 0 _aPersonality Development and Soft Skills
260 _aN. Delhi
_bOxford pub
_c2015
300 _a258
650 _aBBA
942 _2ddc
_cBK
999 _c6463
_d6463